00335nam a2200121Ia 450000500170000000800410001708200130005810000210007124500150009226000410010730000130014850000520016120250404011856.0240331s9999 xx 000 0 und d bSIVa894 aSivathamby, K, C 0aUyirppuhal aKaraveddybKalasara Kooduravuc1986 a144 p ., aA Collection of Short Stories Of Twelve Writers